000 00410cam a22001217a 4500
008 180718b1972 xxu||||| |||| 00| 0 eng d
082 _aT8603x54 G959
100 _aGupta, Jaysankar
245 _aLaw of industrial disputes: Industrial Disputes Act, 1947 with commentary
_cby Jaysankar Gupta
260 _aCalcutta
_bEastern Book Agency
_c1972
300 _a298p.
650 _aLabour Disputes - India - Legislation
999 _c345244
_d345244